Dents - Mort subite - Statistiques

Statistiques générales
  • Ce quiz a été pris 467 fois
  • Le résultat moyen est 4 sur 13
Answers on the Grid
Answers color-coded by a green-red scale on the quiz's grid according to % correct below.
Molaire
Prémolaire
Canine
Incisive
Croc
Carnassière
Défense
Postcanine
Jugale
Crochet
Dent de sagesse
Dent de loup
Labiale
Émail
Ivoire
Précanine
Postmolaire
Mandibule
Dent de la mer
Corne
Dentine
Tartre
Olifant
Dent d'ours
 
Statistiques - réponses
Réponse % Correct
Canine
75%
Molaire
70%
Incisive
68%
Dent de sagesse
65%
Prémolaire
62%
Croc
23%
Défense
21%
Carnassière
8%
Dent de loup
8%
Crochet
7%
Postcanine
6%
Jugale
4%
Labiale
4%
Aucun quiz correspondant
Distribution des résultats
% des personnes avec chaque résultat
Percentile par nombre de réponses
Votre historique - résultats
Vous n’avez pas pris ce quiz